Sort the Teams by Location: Texas Quiz Stats

 Plays Quiz Updated Jul 7, 2019

Score 0/7 Timer 01:00
4 Plays Today
Question Answer Wrong Answers
Cowboys Dallas
98.9%
Houston
0.5%
San Antonio
0.2%
Spurs San Antonio
97.8%
Dallas
1%
Houston
0.8%
Rockets Houston
97.2%
Dallas
0.7%
San Antonio
1.6%
Astros Houston
96.8%
Dallas
1.2%
San Antonio
1.6%
Mavericks Dallas
95.7%
Houston
1.9%
San Antonio
1.9%
Texans Houston
93.9%
Dallas
3.9%
San Antonio
1.8%
Stars Dallas
92.6%
Houston
1.7%
San Antonio
5.3%

You're not logged in!

Compare scores with friends on all Sporcle quizzes.
OR
Log In

Sporcle TV

Today on Sporcle TV


Watch our educational content, quiz creation guides, and fun videos on Sporcle TV.

Show Comments

Extras

Top Quizzes Today


Score Distribution

Your Account Isn't Verified!

In order to create a playlist on Sporcle, you need to verify the email address you used during registration. Go to your Sporcle Settings to finish the process.

Report this User

Report this user for behavior that violates our Community Guidelines.

Details: